000 00323nam a2200145 i 4500
001 bg
100 1 _aBARBIER, Marcel
245 0 _aInduced radioactivity /
_cM. Barbier.
260 _aAmsterdam,
_c1969.
040 _cBPK
041 _apol
080 _a621.039
942 _cKS
008 s pl f |000 0 pol
999 _c8538
_d8538
856 _uhttp://koha.tu.koszalin.pl/cgi-bin/koha/opac-detail.pl?biblionumber=8538
_yKatalog online BPK